000 00423ntaaa2200181 4500
003 01
005 20251027202435.0
008 0714s1973 ag 01
040 _aAR-BaBN
_bspa
_cAR-BaBN
_eaacr
_dRIC
082 _a265.8000 L62
100 _aLight, Mary
245 _aSeñales y milagros
250 _a1 ed. :
_bAurora,
_cc/947
300 _a118 p.
650 _aCuración Divina
_923102
650 _aSanidad
942 _cBK
999 _c19374
_d19374